Countries using the CFA Franc - Statistics

General Stats
  • This quiz has been taken 30 times
  • The average score is 13 of 14
Answer Stats
XOF % Correct
Chad
100%
Mali
100%
Niger
100%
Burkina Faso
96%
Cameroon
96%
Senegal
96%
Benin
88%
Central African Republic
88%
Cote d'Ivoire
88%
Guinea-Bissau
88%
Republic of the Congo
88%
Equatorial Guinea
85%
Gabon
85%
Togo
81%
No matching quizzes found
Score Distribution
Percent of People with Each Score
Percentile by Number Answered
Your Score History
You have not taken this quiz